<?xml version="1.0" encoding="UTF-8"?>
<marc:record xmlns:marc="http://www.loc.gov/MARC21/slim">
   <marc:leader>00000nam a2200000 a 4500</marc:leader>
   <marc:datafield ind1="1" ind2=" " tag="100">
      <marc:subfield code="a">Scheffler, Ursel</marc:subfield>
      <marc:subfield code="4">aut</marc:subfield>
      <marc:subfield code="e">Verfasser/-in</marc:subfield>
   </marc:datafield>
   <marc:datafield ind1=" " ind2=" " tag="653">
      <marc:subfield code="a">Advent</marc:subfield>
   </marc:datafield>
   <marc:datafield ind1=" " ind2=" " tag="653">
      <marc:subfield code="a">Geschichten</marc:subfield>
   </marc:datafield>
   <marc:datafield ind1="0" ind2="0" tag="245">
      <marc:subfield code="a">Adventskalender Geschichten</marc:subfield>
   </marc:datafield>
   <marc:datafield ind1="0" ind2="0" tag="245">
      <marc:subfield code="b">24 Geschichten zum Vorlesen</marc:subfield>
   </marc:datafield>
   <marc:datafield ind1="0" ind2="0" tag="245">
      <marc:subfield code="c">Ursel Scheffler</marc:subfield>
   </marc:datafield>
   <marc:datafield ind1=" " ind2="1" tag="264">
      <marc:subfield code="a">Freiburg/Br.</marc:subfield>
      <marc:subfield code="b">Herder</marc:subfield>
      <marc:subfield code="c">2009</marc:subfield>
   </marc:datafield>
   <marc:datafield ind1=" " ind2=" " tag="250">
      <marc:subfield code="a">1</marc:subfield>
   </marc:datafield>
   <marc:datafield ind1="1" ind2=" " tag="520">
      <marc:subfield code="a">Ein Adventskalender besonderer Art! Für jeden Tag der Adventszeit gibt es in diesem Buch eine liebevoll erzählte vorweihnachtliche Geschichte. Zum Vorlesen, Selberlesen und Verschenken.Ursel Scheffer wurde 1938 in Nürnberg geboren und studierte Literatur in München. Seit 1977 wohnt sie in Hamburg. Dort hat sie auch Kommisar Kugelblitz erfunden, der nicht nur in Hamburg den Gaunern auf die Finger schaut, sondern auch in New York oder Shanghai, weil er genauso gern auf Reisen geht wie die Autorin.</marc:subfield>
   </marc:datafield>
   <marc:datafield ind1=" " ind2=" " tag="020">
      <marc:subfield code="a">9783451709586</marc:subfield>
      <marc:subfield code="9">9783451709586</marc:subfield>
   </marc:datafield>
   <marc:datafield ind1=" " ind2=" " tag="020">
      <marc:subfield code="a">3451709589</marc:subfield>
      <marc:subfield code="9">3451709589</marc:subfield>
   </marc:datafield>
   <marc:datafield ind1=" " ind2=" " tag="300">
      <marc:subfield code="a">96 S</marc:subfield>
   </marc:datafield>
</marc:record>
